Antropología política
Salvato in:
| Autore principale: | |
|---|---|
| Natura: | Libro |
| Lingua: | spagnolo |
| Pubblicazione: |
Buenos Aires
Ediciones Del Sol
2005
|
| Edizione: | 1a. ed |
| Serie: | Colección Antropolis
|
| Soggetti: | |
| Tags: |
Aggiungi Tag
Nessun Tag, puoi essere il primo ad aggiungerne!!
|
MARC
| LEADER | 00000nam a2200000 a 4500 | ||
|---|---|---|---|
| 001 | UCG4664 | ||
| 003 | CL-VaPUC | ||
| 008 | 101118e20050000AG |||||||||||||||||spa|d | ||
| 020 | |a 9509413267 | ||
| 082 | 0 | 4 | |a 306 |b BAL |2 21 |
| 100 | 0 | |a Balandier, Georges |e author |9 554076 | |
| 245 | 1 | 0 | |a Antropología política |
| 250 | |a 1a. ed | ||
| 300 | |a 300 p | ||
| 942 | |c BK | ||
| 945 | |d 20101118 00:00:00 |a mfarfan | ||
| 260 | |a Buenos Aires |b Ediciones Del Sol |c 2005 | ||
| 650 | 0 | |a Antropología social |9 306264 | |
| 650 | 0 | |a Política |9 255312 | |
| 650 | 0 | |a Clases sociales |9 256858 | |
| 583 | |a last modification |c 20101118 00:00:00 |k Rodrigo Vera | ||
| 490 | 0 | |a Colección Antropolis | |
| 999 | |c 343334 |d 343332 | ||
| 952 | |0 0 |1 0 |4 0 |6 306_000000000000000_BAL_2005 |7 0 |8 A |9 440571 |a BIBGIM |b BIBGIM |d 2019-11-22 |i 4736613 |o 306 BAL 2005 |p 4736613 |r 2025-01-15 |w 2019-11-22 |y BK |k SSL | ||